000 00311nam a2200121Ia 4500
008 190722s9999 xx 000 0 und d
020 _a978-0-19-964548-0
100 _aDavid A.Harris
245 0 _aThrive In Biochemistry & Molecular Biology
260 _aKingdom
_bOxford
_c2012
300 _a290
942 _cBK
999 _c1101
_d1101